00467 2200193 4500001002100000005001500021035002000036008004100056245004600097100001900143250000600162260003300168300001200201084001400213082000800227650001400235990001200249990001200261INLIS00000000000048620240430112049 a0010-0424000462240430 0 ind 1 aTrik - Trik Berhitung /cEdward H. Julius aJulius, Edward a1 aBandung :bPakar Raya,c2010 a142 hlm a510 EDW t a510 4aNon Fiksi a0728556 a0728557